ნორმალური ფორმატი
MARC ფორმატი
ჩანაწერი Corporate Name
ჩანაწერთა რაოდენობა, რომელიც გამოყენებულია: 1
001 - CONTROL NUMBER
- control field: 5353
003 - CONTROL NUMBER IDENTIFIER
- control field: GE_BSU
005 - DATE AND TIME OF LATEST TRANSACTION
- control field: 20191114174908.0
008 - FIXED-LENGTH DATA ELEMENTS
- fixed length control field: 191114|| aca||aabn | a|a d
040 ## - CATALOGING SOURCE
- Original cataloging agency: GE_BSU
- Transcribing agency: GE_BSU
110 ## - HEADING--CORPORATE NAME
- Corporate name or jurisdiction name as entry element: ბათუმის შოთა რუსთაველის სახელმწიფო უნივერსიტეტი
- Subordinate unit: ტექნოლოგიური ფაკ-ტი
- Relator term: აგროეკოლოგიისა და სატყეო საქმის დეპარტამენტი
670 ## - SOURCE DATA FOUND
- Source citation: Work cat.: (GE_BSU): დიასამიძე, ჯიმშერ 5351, ბოსტნეულ-ბახჩეული კულტურების დომინანტი პათოგენების გამოვლენა და მათ წინააღმდეგ ბრძოლის ღონისძიებების შემუშავება შიდა და მაღალმთიანი აჭარის პირობებში /
